Quizzes
Events
Quiz Creation
Community
Videos
Private Events
Remove Ads
Sign In
Join for FREE
Feedback
Dark Mode
Quiz Categories
Sports
Geography
Music
Movies
Television
Just For Fun
Miscellaneous
History
Literature
Language
Science
Gaming
Entertainment
Religion
Holiday
For Kids
Quiz Lab
Recent
Popular Today
Quiz Kudos Today
Editor Picks
Curator Picks
Quizzes by...
Day
Popularity
Type
Ratings
Length
Year
Community
Subscriptions
Recent Discussions
Orange Saloon
Badges
Playlists
Quests
Create
Leaderboards
Showdown
Live 5
Trivia Bingo
Activity
Puzzle Library
Sporcle Events
Private Events
Virtual Trivia
Globe League
Become a Host
Pub Owners
SporcleCon
Opinionation
Our Games
Videos
Blog
Mobile Apps
Partnerships
Remove Ads and Go Orange
Feedback
Sports
Athletes
MLB
NBA
NHL
NFL
Soccer
Sports Teams
WWE
NCAA
Football
Premier League
Basketball
Baseball
Hockey
Golf
Tennis
Cricket
Rugby
Auto Racing
Olympics
World Cup
Sports
Athletes
MLB
NBA
NHL
NFL
Soccer
Sports Teams
WWE
NCAA
Football
Premier League
Basketball
Baseball
Hockey
Golf
Tennis
Cricket
Rugby
Auto Racing
Olympics
World Cup
Random Quiz
Search Sporcle
×
Quiz Lab
Quiz Lab
Sports
Hockey
Type in answers that appear in a list
Type in answers that appear in a list
Classic
Best Score? Go Orange.
Random NHL Hockey Quiz Stats
Can you name the these NHL hockey players??
By
Skut316
5m
20 Questions
2,385 Plays
2,385 Plays
2,385 Plays
Comments
Comments
Give Quiz Kudos
Give Quiz Kudos
-
- Ratings
hide this ad
Replay
Link that replays current quiz
Next Quiz
Link to next quiz in quiz playlist
You Got
0%
They Got
Avg Score
32%
Avg Friend Score
Upgrade to see
Score Distribution
Jump to the score distribution portion of the page
Score
0/20
Timer
05:00
0
Plays Today
Clue
Player
% Correct
This player has the 'hardest shot' in the league
Zdeno Chara
70.7%
Which Canadian Team plays at the Penngrowth Saddledome?
Calgary Flames
66.1%
He is 48 and was recently signed by the Atlanta Thrashers.
Chris Chelios
55.1%
This captain is 'one of three' in the NHL.
Eric Staal
48.2%
He is likely going to be the #1 overall pick in the 2010 NHL Entry Draft.
Taylor Hall
48%
One of the two Ruutu's in the NHL.
Jarkko
45.2%
This goalie is making his NHL Debut this season with the Maple Leafs. (Nickname Only)
The Monster
39.8%
This player scored the only two goals for the winning team in Game Seven of the 2009 Finals
Max Talbot
39%
The nickname of New Jersey Devils/
Versus play-
by-
play guy Mike Emerick
Doc
38.7%
This team will soon be playing at the Wells Fargo Center.
Philadelphia Flyers
37.7%
Clue
Player
% Correct
He was the 2nd overall pick in the 2005 NHL Entry Draft behind Sidney Crosby.
Bobby Ryan
35.2%
This player was arguably the heart and soul of the USA blueline in 2010
Brian Rafalski
32.1%
This defenseman shares a name with a pop singer.
Jack Johnson
25%
This coach is not very friendly towards Larry Brooks.
John Tortorella
21.6%
This player has the most Olympic points in history
Teemu Selanne
21.4%
His voice is played on 'Versus' before the broadcast and says, 'The following is a presentation of the National Hockey League'
Kiefer Sutherland
8.7%
His nickname is 'Rex'
Mark Recchi
8.7%
He used to play in a band called 'Box Play'.
Henrik Lundqvist
7.4%
I own the Atlanta Thrashers (beaten them 15 straight times)
Antero Niittymaki
3.1%
He is just awesome.
Rob Skorochocki (me)
0.1%
Quiz Playlist
Details
Report
Send in Message
Add To Playlist
Classic:
Type in answers that appear in a list
Last Updated: Aug 15, 2018
Quiz Scoreboard
CHALLENGE
Sign Up to Join the Scoreboard
Show All
Scores
Hide
Comments
May contain spoilers
Recently Published
Presidents Visiting Landmarks
by Hejman
History
7m
An Introduction to Baseball
by treessimontrees
Sports
5m
Movies - When Are They Set?
by FPL_Elf
Movies
5m
More to Explore
Quiz From the Vault
Featured Blog Post
Where Did the Easter Bunny Come From?
hide this ad
You Might Also Like...
Tags
Hockey Quiz
NHL Quiz
Player
Today's Top Quizzes in Sports
Browse Sports
hide this ad
Today's Top Quizzes in Hockey
Browse Hockey
Top Contributed Quizzes in Sports
1
Les meilleurs buteurs des matchs entre le PSG et l’OM
2
2022 World Cup Stars
3
FIFA Club World Cup Champions
4
Les entraîneurs de l'OM et du PSG au 21e siècle
5
Name the Premier League winners with different clubs
6
La finale Lions - Afrique du Sud 2021
7
5-to-1: UK Sports Teams
8
England Test cricketers to play under Nasser Hussain
9
Players with Multiple 50 Home Run Seasons
10
AFC Teams Reveal (Wrong Answers Minefield)
Explore More
Trending Topics
Anime
Kpop
Disney
Harry Potter
Marvel
Crossword
NBA
NFL
Pokémon
WWE
The Office
Soccer
Country
Song
Puzzle
hide this ad
More By:
Skut316
Quiz
Plays
Rating
Category
Featured
Created
Random NHL Hockey Quiz
2,385
1.86
Sports
Mar 2, 2010
Can you name the 2010 Philadelphia Flyers?
903
2.33
Sports
Mar 3, 2010
Philadelphia Flyers GWG's 2010 playoffs
121
4.50
Sports
Jul 29, 2010
Go to Creator's Profile
Score Distribution
Quiz Creator Spotlight
Skut316
Follow
Send a Message
Quizzes Created
-
Created Quiz Play Count
-
More By This Creator
Popular Quizzes Today
1
Find the US States - No Outlines Minefield
2
Find the Countries of Europe - No Outlines Minefield
3
The Countries of the World
4
Find the US States
5
Popular People in 1961
6
US States
7
Risky Map Clicking: Biggest States A-Z
8
1-10 Letter E Words III
More Sports Quizzes
NHL: 500th Goal Scored With What Team?
Editor's Pick
Trending Quizzes
Risky Map Clicking: Least Populous States A-Z
1-10 Letter G Words
1-10 Letter F Words
Risky Map Clicking: Next State Alphabetically
Risky Map Clicking: Biggest States A-Z
Recently Updated
Leaping Animals
pecheneg
Reality TV Shows (A-Z)
bhenderson79
Rickey Henderson's Hall of Fame Teammates
pecheneg
Champions League XIs: Arsenal
pecheneg
Quick Pick: Celebrities in WWE's Hall of Fame
aduchscher
A-Z Keypad Blitz II
pecheneg
Multiple Oscar Actors
pecheneg
Mystery Phrase Blitz: Oscar 'Best Actors'
pecheneg
F. Scott Fitzgerald Novels
LTH
Pick 3 Villains
ddd62291
Trending Topics
Marvel
Anime
NBA
Kpop
Crossword
Disney
Harry Potter
WWE
Country
Pokémon
NFL
Puzzle
The Office
Soccer
Song
Your Account Isn't Verified!
In order to create a playlist on Sporcle, you need to verify the email address you used during registration. Go to your
Sporcle Settings
to finish the process.
Report this User
Report this user for behavior that violates our
Community Guidelines
.
Details:
Send Report
Go to the Sporcle.com Mobile Site →
Comments